ნორმალური ფორმატი
MARC ფორმატი
ჩანაწერი Corporate Name
ჩანაწერთა რაოდენობა, რომელიც გამოყენებულია: 1
001 - CONTROL NUMBER
- control field: 838
003 - CONTROL NUMBER IDENTIFIER
- control field: GE_BSU
005 - DATE AND TIME OF LATEST TRANSACTION
- control field: 20190507110140.0
008 - FIXED-LENGTH DATA ELEMENTS
- fixed length control field: 190507|| aca||aabn | a|a d
040 ## - CATALOGING SOURCE
- Original cataloging agency: GE_BSU
- Transcribing agency: GE_BSU
110 ## - HEADING--CORPORATE NAME
- Corporate name or jurisdiction name as entry element:
- Relator term: თბილ. კულტ. და ხელოვნ. სახ. უნ-ტი.
670 ## - SOURCE DATA FOUND
- Source citation: Work cat.: (GE_BSU)34605: ბირჟაკოვი, მ. 837, ტურიზმის თეორია :სახელმძღვ. საშ. და უმაღლ. სასწ. სტუდ. /
